Cartoon Bad Guys Quiz Stats

Quiz Updated Jun 24, 2015

Challenge
Share
Tweet
Embed
Score 0/23 Timer 04:00
0 Plays Today
% Correct
Batman: The Animated Series
99%
SpongeBob SquarePants
94.2%
Looney Tunes
90.3%
Transformers
87.9%
Spider-Man
87.1%
X-Men
84.9%
Teenage Mutant Ninja Turtles
83.4%
The Simpsons
83.3%
He-Man and the Masters of the Universe
76.7%
G.I. Joe: A Real American Hero
76%
The Smurfs
74.3%
Popeye
71.9%
% Correct
Inspector Gadget
68.8%
Star Wars: The Clone Wars
67.8%
The Powerpuff Girls
67.6%
Wacky Races
60.4%
Scooby-Doo, Where Are You!
52.6%
The Fairly OddParents
50.6%
Phineas and Ferb
50.3%
ThunderCats
48.4%
Kim Possible
40.9%
M.A.S.K.
39.3%
Futurama
37.6%

You're not logged in!

Compare scores with friends on all Sporcle quizzes.
Sign Up with Email
OR
Log In

You Might Also Like...

Show Comments

Extras

Top Quizzes Today


Score Distribution

Your Account Isn't Verified!

In order to create a playlist on Sporcle, you need to verify the email address you used during registration. Go to your Sporcle Settings to finish the process.